Responses for Show #4391 - Monday, October 13, 2003

Sean Ryan game 4.

Contestants

[<< previous game]

Marc Carcanague, a teacher from Mount Laurel, New Jersey

Emily Robin, a development officer originally from Lafayette, Louisiana

Sean Ryan, a taxi driver, bartender, and student from State College, Pennsylvania (whose 3-day cash winnings total $44,798)

[next game >>]

Jeopardy! Round responses

SHAKESPEARE
COMPLETES THE PROVERB
DOORS
NUMBER 19 IN YOUR PROGRAMS
(Alex: Number one in your hearts!)
NO. 1
IN YOUR HEARTS
    $200 1
The Tempest

Sean
    $200 26
contempt

Sean
    $200 6
dog door

Sean
    $200 21
Mia Hamm

Emily
    $200 11
a car

Marc
    $200 16
heart attack

Sean
    $400 2
Othello

Emily
    $400 27
sufficient

Triple Stumper
    $400 7
(Emily: What is the safety bar?)

panic bar

Emily
Triple Stumper
    $400 22
(New York) Knicks

Marc
    $400 12
the Nobel Prizes

Sean
    $400 17
pacemaker

Emily
    $600 3
King Lear

Marc
    $600 28
dangerous thing

Sean
    $600 8
garage doors

Sean
    $600 23
"Big Bird"

Sean
    $600 13
Earth Day

Sean
    $600 18
4

Sean
    $600 4
The Taming of the Shrew

Marc
    $800 29
defense

Emily
    $800 9
doorknobs

Emily
    $800 24
(Johnny) Unitas

Marc
    $800 14
(Samuel) Morse

Marc
    $800 19
aorta

Sean
    $1000 5
(Alex: Sorry Emily, not quickly enough.)

Two Gentlemen of Verona

Triple Stumper
    $1000 30
the sweeter the meat

Sean
    $1000 10
Florence, Italy

Triple Stumper
    $1000 25
(Bob) Feller

Marc
    $1000 15
Labor

Emily
    $1000 20
diastole

Triple Stumper

Scores at the first commercial break (after clue 15):

Sean Emily Marc
$2,000 $1,800 $2,200

Scores at the end of the Jeopardy! Round:

Sean Emily Marc
$6,000 $3,200 $4,400

Double Jeopardy! Round responses

HISTORIC PEOPLE
WE'VE GOT STANDARDS
ENERGY
THE GUARDIAN
COUNTRY BY REGION
ACCENTÉ
    $400 2
Adolf Hitler

Triple Stumper
    $400 7
(Emily: What is sunshine?)

the world on a string

Emily
Triple Stumper
    $400 21
(nuclear) reactor

Sean
    $400 26
Harry Potter

Emily
    $400 13
Egypt

Marc
    $400 1
née

Marc
    $800 3
Genghis Khan

Marc
    $800 8
"I've Got Rhythm"

Triple Stumper
    $800 22
natural gas

Marc
    $800 27
guardian angel

Marc
    $800 14
Poland

Marc
    $800 12
divorcée

Marc
    $1200 4
(Richard) Nixon

Marc
    $1200 9
Fats Waller

Triple Stumper
    $1200 23
(Sean: What is electricity?)
...
(Alex: It's generating electric power, but [*], using water.)

hydroelectric

Sean
Triple Stumper
    $1200 28
dragon

Triple Stumper
    $1200 15
China

Emily
    $1200 18
André

Emily
    $1600 5
Alexander Pushkin

Triple Stumper
    $1600 10
Heaven

Triple Stumper
    $2,000 24
joule

Marc
    $2,500 29
the Holy Grail

Marc
    $1600 16
South Africa

Sean
    $1600 19
manqué

Triple Stumper
    $2000 6
Bernardo O'Higgins

Sean
    $2000 11
Brigadoon

Emily
    $2000 25
(Marc: What is a dry cell?)
...
(Alex: With a minute to go now.)

fuel cell

SeanMarc
    $2000 30
Crete

Sean
    $2000 17
India

Sean
    $2000 20
frisée

Emily

Scores at the end of the Double Jeopardy! Round:

Sean Emily Marc
$14,800 $9,600 $12,900

[wagering suggestions for these scores]

Final Jeopardy! Round responses

MOVIES
(Alex: [To Sean] Maybe he doesn't care if he wins more than five games; at this rate, he's going to walk away with a lot of dough!)
EmilyWhat is My Big Fat Greek Wedding?
$9,600
MarcWhat is Hercules?
$10,001
SeanWhat is My Big Fat Greek Wedding?
$14,000
My Big Fat Greek Wedding

Final scores:

Sean Emily Marc
$28,800 $19,200 $2,899
4-day champion: $73,598 2nd place: $2,000 3rd place: $1,000

Game dynamics:

Coryat scores:

Sean Emily Marc
$14,800 $9,600 $11,800
18 R,
1 W
11 R,
2 W
17 R
(including 3 DDs),
1 W

Combined Coryat: $36,200

[game clues] [game scores] [suggest correction]

Game tape date: 2003-08-04
The J! Archive is created by fans, for fans. Scraping, republication, monetization, and malicious use prohibited; this site may use cookies and collect identifying information. See terms. The Jeopardy! game show and all elements thereof, including but not limited to copyright and trademark thereto, are the property of Jeopardy Productions, Inc. and are protected under law. This website is not affiliated with, sponsored by, or operated by Jeopardy Productions, Inc. Join the discussion at JBoard.tv.